Schaum's outlines (Record no. 11657)
[ view plain ]
| 000 -LEADER | |
|---|---|
| fixed length control field | 02076nam a22003017a 4500 |
| 005 - DATE AND TIME OF LATEST TRANSACTION | |
| control field | 20230512223718.0 |
| 008 - FIXED-LENGTH DATA ELEMENTS--GENERAL INFORMATION | |
| fixed length control field | 220117t xxu||||| |||| 00| 0 eng d |
| 020 ## - INTERNATIONAL STANDARD BOOK NUMBER | |
| International Standard Book Number | 9781260454222 |
| 040 ## - CATALOGING SOURCE | |
| Transcribing agency | CSPC |
| 050 0# - LIBRARY OF CONGRESS CALL NUMBER | |
| Classification number | PC4112 |
| 082 0# - DEWEY DECIMAL CLASSIFICATION NUMBER | |
| Classification number | 468.2421 |
| Item number | Sch564s |
| 100 ## - MAIN ENTRY--PERSONAL NAME | |
| Personal name | Schmitt, Conrad J., |
| Relator term | author. |
| 245 00 - TITLE STATEMENT | |
| Title | Schaum's outlines |
| Remainder of title | spanish grammar |
| Statement of responsibility, etc. | Conrad J. Schmitt |
| 250 ## - EDITION STATEMENT | |
| Edition statement | Seventh |
| Remainder of edition statement | Edition |
| 260 ## - PUBLICATION, DISTRIBUTION, ETC. | |
| Place of publication, distribution, etc. | New York : |
| Name of publisher, distributor, etc. | McGraw Hill Education ; |
| Date of publication, distribution, etc. | 2020. |
| 300 ## - PHYSICAL DESCRIPTION | |
| Extent | x, 205 pages : |
| Dimensions | 29 cm. |
| 336 ## - CONTENT TYPE | |
| Source | rdacontent |
| Content type term | text |
| 337 ## - MEDIA TYPE | |
| Source | rdamedia |
| Media type term | unmediated |
| 338 ## - CARRIER TYPE | |
| Source | rdacarrier |
| Carrier type term | volume |
| 520 ## - SUMMARY, ETC. | |
| Summary, etc. | Schaum’s Outline of Spanish Grammar, Seventh Edition is packed with clear, logical explanations that will help you build linguistic competency in Spanish. This updated edition provides expanded coverage of special verb forms and verb usages unique to Latin America to match the latest high school and college courses. Schaum’s Outline of Spanish Grammar, Seventh Edition features: • 368 practice exercises with answers • An accessible review of Spanish grammar • Verbal charts and quick drills to hone your skills • 10-page appendix reflecting the latest developments in Spanish courses • Support for all the major textbooks for Spanish courses • Content that is appropriate for Elementary Spanish I, Elementary Spanish II, Intermediate Spanish I, and Intermediate Spanish II courses PLUS: Access to the revised Schaums.com website and app, with over 2.5 hours of downloadable audio files, and more. Schaum’s reinforces the main concepts required in your course and offers hundreds of practice exercises to help you succeed. Use Schaum’s to shorten your study time-and get your best test scores! Schaum’s Outlines ― Problem solved. |
| 650 10 - SUBJECT ADDED ENTRY--TOPICAL TERM | |
| Topical term or geographic name entry element | Spanish language |
| General subdivision | Grammar. |
| 650 10 - SUBJECT ADDED ENTRY--TOPICAL TERM | |
| Topical term or geographic name entry element | Spanish language |
| General subdivision | Composition and exercises. |
| 650 10 - SUBJECT ADDED ENTRY--TOPICAL TERM | |
| Topical term or geographic name entry element | Spanish language. |
| 940 ## - EQUIVALENCE OR CROSS-REFERENCE--UNIFORM TITLE [OBSOLETE] [CAN/MARC only] | |
| Uniform title | <a href="Lenie">Lenie</a> |
| 942 ## - ADDED ENTRY ELEMENTS (KOHA) | |
| Koha item type | |
| -- | CIR 468.2421 Sch564s 2020 |
| Withdrawn status | Lost status | Damaged status | Not for loan | Home library | Current library | Shelving location | Date acquired | Total Checkouts | Total Renewals | Full call number | Barcode | Date last seen | Date last checked out | Copy number | Price effective from | Koha item type |
|---|---|---|---|---|---|---|---|---|---|---|---|---|---|---|---|---|
| Main Library | Main Library | Circulation Section | 05/12/2023 | 2 | 1 | CIR 468.2421 Sch564s 2020 | 023033 | 03/28/2025 | 03/13/2025 | 1-1 | 05/12/2023 | Books |